000 00805nam a22002657a 4500
001 BR2018002381
003 BR-BrBNA
005 20230928105350.0
007 ta
008 230509b bl.||||| |||| 00| 0 por d
040 _aBR-BrBNA
_bpor
_cBiblioteca Nacional de Agricultura
041 _a(Por)
072 _aH10; H20
_b0311
_b4020
090 _ 0311 BR2018002381
110 1 _aMinistério da Agricultura e do Abastecimento, Brasília, DF (Brasil). Secretaria de Defesa Agropecuária
245 1 _aReconhecimento de área livre de pragas do coqueiro (Cocos nucifera)
260 3 _aBrasília, DF (Brasil):
_c1998.
300 _a20 p.
650 _aCOCO
650 _aCIGARRINHA
650 _aVETOR
650 _aTRANSMISSÃO DE DOENÇA
909 _a202309
_bLucia
_c55
_dLucia Elande
942 _cBK
999 _c84828
_d84828